|
|
|
|
| LEADER |
00000nam a2200000 a 4500 |
| 001 |
vtls001374631 |
| 003 |
SK-MaSNL |
| 005 |
20260301201356.0 |
| 008 |
251124s1984 DE a rd 0 ger |
| 020 |
|
|
|a 3879470340
|c [4753,00]
|
| 035 |
|
|
|a SNK000328519
|
| 040 |
|
|
|a SNK
|b slo
|c SNK
|e AACR2
|
| 044 |
|
|
|a DE
|
| 080 |
|
|
|a 929.6(498.4)
|2 1981
|
| 100 |
1 |
|
|a Siebmacher, J.
|4 aut
|9 292752
|
| 245 |
1 |
0 |
|a J. Siebmacher's grosses Wappenbuch
|n Band 34
|p Der Adel von Siebenbürgen
|
| 260 |
|
|
|a Neustadt an der Aisch
|b Bauer und Raspe
|c 1984
|
| 300 |
|
|
|a 293 s., 212 s. obr. príl.
|c 28 cm
|
| 500 |
|
|
|a Faksimile vyd.
|
| 650 |
0 |
7 |
|a šľachtické erby
|2 SNKPH
|9 31799
|
| 651 |
|
7 |
|a Sedmohradsko (Rumunsko)
|2 SNKPHgeo
|9 215368
|
| 655 |
|
7 |
|a faksimile
|2 SNKPH
|9 70487
|
| 919 |
|
|
|a 3-87947-034-0
|
| 999 |
|
|
|c 894539
|d 896469
|
| 952 |
|
|
|t snkSIE/34 929.53
|a SNKUST
|b SNKUST
|y PREZ
|7 0
|p 17A0214510
|o snkIB 69897/34
|i snkV 1499/99
|0 0
|1 0
|4 0
|d 1999-10-26
|l 0
|r 2025-05-29 00:00:00
|w 2026-02-24
|